000 00373 a2200109 4500
001 ART_26110
005 20260410161928.0
008 260409a
245 1 0 _aEl derecho a la posesión y propiedad comunitaria de las tierras tradicionales indígenas
100 1 _aZimerman, Silvina
773 0 _tDerechos humanos
_g- Año III, Nº 5 (jun. 2014)
_wREV22278
999 _c28319
_d28319